000 01302nam a2200349Ia 4500
001 dia_5626
003 CHAP
005 20250616131438.0
007 ta
008 220117s1997 mx a f 001 0 spa d
040 _cCHAP
_amxchpua
090 _aT.C.231
_bR83 SAI
_c1997
245 1 0 _aSistema agroindustrial vitivinícola en el estado de Baja California /
_ccoordinador David Rubio Hernández ; colaborador Miriam Anaya Arvizu...[et al.]
260 _aMéxico :
_bEl autor,
_c1997
300 _a99 hojas :
_bilustraciones, tablas, diagramas
336 _2rdacontent
_atexto
_btxt
337 _2rdamedia
_asin medio
_bn
338 _2rdacarrier
_avolumen
_bnc
500 _aGrado : 6° año Grupo : B Directorio : hoja 98
502 _aViaje de Estudios
_b(SAI) --
_cUACh. Departamento de Ingeniería Agroindustrial,
_d1997
504 _aBibliografía : hoja 58-59
650 1 3 _aViticultura
_9159181
_zMéxico
_zBaja California
650 1 3 _aViticulture
_9159182
_zMéxico
_zBaja California
700 1 _aRubio Hernández, David
_ecoordinador
_9100483
700 1 _aAnaya Arvizu, Miriam
_ecolaborador
_95497
901 _aT.C.231 R83 SAI 1997
902 _aM
905 _a5332271997 mx n 8223123322spa16
942 _2local
942 _cVE
999 _c176605
_d176605